Portland Trail Blazers 40 Point Games - Statistics

General Stats
  • This quiz has been taken 160 times
    11 since last reset
  • The average score is 11 of 26
Answer Stats
Player Max Nb % Correct
CJ McCollum 50 8
100%
Damian Lillard 71 55
100%
Clyde Drexler 50 17
90%
LaMarcus Aldridge 44 3
90%
Brandon Roy 52 4
70%
Deni Avdija 41 1
60%
Terry Porter 40 2
60%
Clifford Robinson 41 2
50%
Jerami Grant 49 2
50%
Geoff Petrie 51 13
40%
Gerald Wallace 40 1
40%
Jim Paxson 41 2
40%
Kiki Vandeweghe 48 4
40%
Maurice Lucas 46 2
40%
Rasheed Wallace 42 1
40%
Andre Miller 52 1
30%
Anfernee Simons 45 4
30%
Damon Stoudamire 54 1
30%
Steve Johnson 40 1
30%
Zach Randolph 43 3
30%
Darius Miles 47 1
10%
Isaiah Rider 40 1
10%
Lionel Hollins 43 1
10%
Billy Ray Bates 40 1
0%
Jim Barnett 40 1
0%
Josh Hart 44 1
0%
No matching quizzes found
Score Distribution
Percent of People with Each Score
Percentile by Number Answered
Your Score History
You have not taken this quiz since the last reset